Score 0/34 Timer 10:00
0 Plays Today
% Correct
15-18 år
79.4%
55 000
76.8%
Bustadsparing for ungdom (BSU)
74.4%
Budsjett
70%
Frikort
69.8%
Riksmeklaren
69.8%
Bruttolønn
69.4%
Lånekassa
69.2%
Nettolønn
69.1%
Landsorganisasjonen i Noreg
67.8%
Tidslønn
66.7%
Purring
66.1%
Prestasjonslønn eller akkordlønn
65.6%
Forbrukslån
64.8%
Skattekort
63.2%
Reallønnsvekst
63%
Streik
62.2%
% Correct
Minstelønn
62.1%
Rekneskap
60.6%
Næringslivets hovedorganisasjon
59.5%
Lockout
59.5%
Fagforeiningane
57.8%
Eigenkapital
57.5%
Forbrukaretikk
56.9%
Forbrukarkjøpslova
56.7%
Angrerettlova
54.7%
Ansiennitet
53.4%
Rettsleg inkasso
52.7%
Kjøpslova
51.4%
Betalingsmerknad
50.6%
Provisjon
49.5%
Forbrukarrådet
49%
Tariff
45.3%
Lønnsnemnd
44.2%
Remove Ads.
Support Sporcle.
Get the best of Sporcle when you Go Orange. This ad-free experience offers more features, more stats, and more fun while also helping to support Sporcle. Thank you for becoming a member.

You're not logged in!

Compare scores with friends on all Sporcle quizzes.
OR
Log In

Show Comments

Extras

Created Feb 15, 2019ReportNominate
Tags:Svar

Top Quizzes Today


Score Distribution

Your Account Isn't Verified!

In order to create a playlist on Sporcle, you need to verify the email address you used during registration. Go to your Sporcle Settings to finish the process.

Report this User

Report this user for behavior that violates our Community Guidelines.

Details: